Teoretické prístupy k optimálnej kapitálovej štruktúre podnikateľských subjektov a ich aplikácia diplomová práca

Saved in:
Bibliographic Details
Main Author: Vadovič, Richard
Corporate Author: Národohospodárska fakulta EU. Katedra financií
Other Authors: Sivák, Rudolf, 1955-
Format: Book
Language:Slovak
Published: Bratislava 2024
Tags: Add Tag
No Tags, Be the first to tag this record!

MARC

LEADER 00000nbm a2200000 4500
001 0300611
005 20250609144145.9
041 0 |a slo 
044 |a SK 
245 1 0 |a Teoretické prístupy k optimálnej kapitálovej štruktúre podnikateľských subjektov a ich aplikácia  |b diplomová práca  |c Richard Vadovič ; školiteľ: Rudolf Sivák 
264 1 |a Bratislava  |c 2024 
300 |a 63 s. 
100 1 |a Vadovič, Richard 
700 1 |a Sivák, Rudolf, 1955- 
710 2 |a Národohospodárska fakulta EU. Katedra financií